000 03038cam a2200241 4500500
005 20260329014557.0
041 _afre
042 _adc
100 1 0 _aVilhuber, Lars
_eauthor
245 0 0 _aReproducibility and Open Science in Economics
260 _c2026.
500 _a8
520 _aDrawing on my experience as the American Economic Association’s data editor, I examine the current state of open science in economics as facilitated by and related to reproducibility. I touch on the tension between accessibility, sharing, and preservation. The guiding theme is the accessibility of the key ingredients for scholarship : manuscripts, data, software, and the necessary technology to combine the latter two in order to produce knowledge. I analyze how economic research balances openness with necessary restrictions, particularly regarding administrative and confidential data. I argue that a large degree of openness is nevertheless present, with extensive networks that include thousands of researchers supporting collaborative science. I argue that resource constraints, such as software licensing costs and computational resource requirements, pose similar challenges. I illustrate concrete benefits of open science in the economics literature, using recent articles. I wrap up by discussing the state of access to scientific articles in economics.Classification JEL : A11, A13, B40.
520 _aEn m’appuyant sur mon expérience d’éditeur de données (data editor) pour l’American Economic Association, j’examine l’état actuel de la science ouverte en économie sous l’angle de la reproductibilité. Je m’intéresse à la tension entre l’accessibilité des données, leur partage et leur préservation. Mon fil rouge est l’accessibilité des ingrédients essentiels de la production savante : les manuscrits, les données, les logiciels et les technologies permettant d’unir ces deux dernières dimensions en vue de produire de la connaissance. J’analyse la façon dont la recherche économique trouve un équilibre entre l’ouverture et les nécessaires restrictions d’accès, particulièrement en ce qui concerne les données administratives et confidentielles. Je soutiens qu’un large degré d’ouverture est néanmoins pratiqué : il existe aujourd’hui des réseaux étendus qui rassemblent des milliers de chercheurs en faveur de la science collaborative. J’illustre les apports concrets de la science ouverte dans la littérature économique en m’appuyant sur des articles récents. Je conclus en rendant compte de l’état de l’accessibilité des articles scientifiques en économie.
690 _aaccès aux resources
690 _areproductibilité
690 _ascience ouverte
690 _aopen science
690 _areproducibility
690 _aressource access
786 0 _nRevue économique | 76 | 5 | 2026-02-20 | p. 697-732 | 0035-2764
856 4 1 _uhttps://shs.cairn.info/journal-revue-economique-2025-5-page-697?lang=en&redirect-ssocas=7080
999 _c1890250
_d1890250